00539nam a2200217Ia 4500003000900000005001700009008004100026040001300067040001300080041000800093100002500101245007500126250001200201260001500213260000900228300001100237300001300248300001000261490004400271490000600315IT-RoPAU20220918175857.0120407s9999 xx 000 0 und d aIT-RoPAU cIT-RoPAU aita aAnton W. J. Houtepen aDio, una domanda aperta. Pensare Dio nell’era di dimenticanza di Dio aBrescia aQueriniana c2001 a426 p. bbrossura c23 cm aBiblioteca di teologia Contemp., 119  v1